| 000 | 00439nam a22001457a 4500 | ||
|---|---|---|---|
| 005 | 20180731160642.0 | ||
| 020 |
_a8173711321 _c00.00 |
||
| 035 | _aB-46600, B-046599 | ||
| 037 |
_aDPL _bENG |
||
| 100 | _aGhoshal, S K | ||
| 245 |
_aa practical approach to parallel computing / _cby S K Ghoshal |
||
| 260 |
_aHyderabad _bUniversities Press (India) Ltd. _c2000 |
||
| 300 |
_axi, 95p. _c18 cms. |
||
| 942 |
_2ddc _cEN _h005.4 _mGHO |
||
| 999 |
_c62144 _d62144 |
||